书目信息 |
| 题名: |
畜产品质量安全及其检测技术
|
|
| 作者: | 张晓东 主编 | |
| 分册: | ||
| 出版信息: | 北京 化学工业出版社 2006 |
|
| 页数: | 328页 | |
| 开本: | 26cm | |
| 丛书名: | ||
| 单 册: | ||
| 中图分类: | TS251.7 | |
| 科图分类: | ||
| 主题词: | 畜产品--质量控制 , 畜产品--食品检验 , 畜产品 , 质量控制 , 食品检验 | |
| 电子资源: | ||
| ISBN: | 7-5025-8407-2 | |
| 000 | 00990nam0 2200277 450 | |
| 001 | 012007856531 | |
| 005 | 20070517114653.09 | |
| 010 | @a7-5025-8407-2@dCNY49.00 | |
| 100 | @a20070512d2006 km y0chiy0120 ea | |
| 101 | 0 | @achi |
| 102 | @aCN@b110000 | |
| 105 | @ay z 000yy | |
| 106 | @ar | |
| 200 | 1 | @a畜产品质量安全及其检测技术@Achu chan pin zhi liang an quan ji qi jian ce ji shu@f张晓东主编@Fzhang xiao dong zhu bian |
| 210 | @a北京@c化学工业出版社@d2006 | |
| 215 | @a328页@d26cm | |
| 330 | @a本书以畜产品安全为主题,全面、系统地介绍了有关畜产品安全方面的知识、问题及解决畜产品安全问题采取的对策与措施。书中对畜产品安全问题的各种表现形式,畜产品生产质量安全管理体系,畜禽肉、蛋、乳品质分析等进行介绍。 | |
| 606 | 0 | @a畜产品@x质量控制 |
| 606 | 0 | @a畜产品@x食品检验 |
| 606 | 0 | @a畜产品 |
| 606 | 0 | @a质量控制 |
| 606 | 0 | @a食品检验 |
| 690 | @aTS251.7@v4 | |
| 701 | 0 | @a张晓东@Azhang xiao dong@f(1955.1~)@4主编 |
| 801 | 0 | @aCN@bRULIN@c20070517 |
| 905 | @dTS251.7@e70@s10 | |
| 畜产品质量安全及其检测技术/张晓东主编.-北京:化学工业出版社,2006 |
| 328页;26cm |
| ISBN 7-5025-8407-2:CNY49.00 |
| 本书以畜产品安全为主题,全面、系统地介绍了有关畜产品安全方面的知识、问题及解决畜产品安全问题采取的对策与措施。书中对畜产品安全问题的各种表现形式,畜产品生产质量安全管理体系,畜禽肉、蛋、乳品质分析等进行介绍。 |
| ● |
| 相关链接 |
|
|
|
|
正题名:畜产品质量安全及其检测技术
索取号:TS251.7/70
 
预约/预借
| 序号 | 登录号 | 条形码 | 馆藏地/架位号 | 状态 | 备注 |
| 1 | 0574829 | 205748299 | 第二样本阅览室/ [索取号:TS251.7/70] | 在馆 | |
| 2 | 0574830 | 205748306 | 第三借阅区/ [索取号:TS251.7/70] | 在馆 | |
| 3 | 0574831 | 205748315 | 第三借阅区/ [索取号:TS251.7/70] | 在馆 | |
| 4 | 0574832 | 205748324 | 第三借阅区/ [索取号:TS251.7/70] | 在馆 | |
| 5 | 0574833 | 205748333 | 第三借阅区/ [索取号:TS251.7/70] | 在馆 | |
| 6 | 0574834 | 205748342 | 第三借阅区/ [索取号:TS251.7/70] | 在馆 | |
| 7 | 0574835 | 205748351 | 第三借阅区/ [索取号:TS251.7/70] | 在馆 | |
| 8 | 0574836 | 205748360 | 第三借阅区/ [索取号:TS251.7/70] | 在馆 | |
| 9 | 0574837 | 205748379 | 第三借阅区/ [索取号:TS251.7/70] | 在馆 | |
| 10 | 0574838 | 205748388 | 第三借阅区/ [索取号:TS251.7/70] | 在馆 |